[Event "1er Open d'Espalion"]
[Site "Espalion (12)"]
[Date "2016.07.12"]
[Round "5.15"]
[White "Griggio, Jean-Paul"]
[Black "Dubertrand, Bernard"]
[Result "1-0"]
[WhiteElo "1736"]
[BlackElo "1583"]
[PlyCount "131"]
[EventDate "2016.??.??"]

1. e4 e5 2. Bc4 Nf6 3. d3 Be7 4. Nf3 d6 5. h3 c6 6. Bb3 h6 7. Nbd2 Na6 8. c3
O-O 9. O-O Nc5 10. Bc2 Nh7 11. d4 exd4 12. cxd4 Ne6 13. Nb3 Qc7 14. Qd3 Nhg5
15. Nxg5 Nxg5 16. f4 Nh7 17. e5 f5 18. Nd2 d5 19. Nf3 Be6 20. Be3 Rf7 21. Kh2
Kh8 22. g4 g6 23. Kg3 Rg8 24. g5 h5 25. Rfc1 Rc8 26. Nh4 Kg7 27. Ng2 Nf8 28.
Bb3 Qb6 29. Rc2 Nd7 30. Rac1 Rff8 31. h4 Rc7 32. Bf2 Rfc8 33. Ne3 Nb8 34. a3
Rd8 35. Ba2 Rdc8 36. Qb3 Qa6 37. Qc3 c5 38. Bxd5 cxd4 39. Qxd4 Rxc2 40. Rxc2
Rxc2 41. Nxc2 Nc6 42. Bxc6 Qxc6 43. Nb4 Qb5 44. Nd3 b6 45. b4 Bc4 46. e6+ Kg8
47. Ne5 Bxe6 48. Nxg6 Kf7 49. Ne5+ Ke8 50. Qd3 Qd5 51. Qxd5 Bxd5 52. Bd4 a5 53.
Bc3 a4 54. Bd4 b5 55. Nd3 Kf7 56. Bc5 Bd8 57. Kf2 Bc7 58. Ke3 Ke6 59. Nc1 Bc4
60. Bd4 Kd5 61. g6 Ke6 62. g7 Kd6 63. Be5+ Kd7 64. Bxc7 Kxc7 65. Nd3 Kd7 66.
Ne5+ 1-0

[Event "1er Open d'Espalion"]
[Site "Espalion (12)"]
[Date "2016.07.12"]
[Round "5.16"]
[White "Dutertre, Jean-Michel"]
[Black "Mourgues, Joelle"]
[Result "0-1"]
[WhiteElo "1583"]
[BlackElo "1717"]
[PlyCount "90"]
[EventDate "2016.??.??"]

1. d4 Nf6 2. Nf3 e6 3. Bg5 c5 4. c3 Be7 5. g3 cxd4 6. Nxd4 Nc6 7. Bg2 Qa5 8.
Bxf6 Bxf6 9. Nxc6 bxc6 10. Qb3 d5 11. O-O O-O 12. Nd2 Qc7 13. Qc2 Ba6 14. Rfe1
Rac8 15. Rac1 e5 16. b3 Rfd8 17. Qf5 Qe7 18. Bh3 Rc7 19. Qb1 Bg5 20. Rcd1 g6
21. Nf3 Bf6 22. e4 Qc5 23. Qc1 Qd6 24. b4 Bc4 25. a3 Bb3 26. Rd2 c5 27. Qb2 Bc4
28. Bf1 Bxf1 29. Rxf1 d4 30. Rfd1 Qc6 31. Re1 cxb4 32. cxb4 Qc3 33. Kg2 Qxb2
34. Rxb2 Rc3 35. Ra2 Rdc8 36. Rd1 h6 37. a4 Bg7 38. b5 f6 39. Ng1 Rb3 40. Rdd2
Bf8 41. Ne2 Rb4 42. Rd3 Rcc4 43. f3 Rxa4 44. Rb2 Rab4 45. Ra2 Rxb5 0-1

[Event "1er Open d'Espalion"]
[Site "Espalion (12)"]
[Date "2016.07.12"]
[Round "5.17"]
[White "Verat-Fayolle, Celian"]
[Black "Gaubert, Cedric"]
[Result "1-0"]
[WhiteElo "1680"]
[BlackElo "1518"]
[PlyCount "89"]
[EventDate "2016.??.??"]

1. e4 c5 2. Nf3 e6 3. d4 cxd4 4. Nxd4 a6 5. Nc3 Qc7 6. Be3 Bb4 7. Qd2 Nf6 8. f3
d5 9. exd5 Nxd5 10. Nde2 O-O 11. a3 Ba5 12. b4 Nxe3 13. Qxe3 Bb6 14. Qf4 e5 15.
Qe4 Be6 16. Na4 f5 17. Qd3 Rd8 18. Qc3 Qxc3+ 19. Nexc3 Bd4 20. O-O-O Nc6 21.
Nc5 Bxc5 22. Rxd8+ Nxd8 23. bxc5 Rc8 24. h3 Rxc5 25. Kb2 b5 26. g4 fxg4 27.
fxg4 Bc4 28. Bxc4+ Rxc4 29. Re1 Nc6 30. Kb3 Kf7 31. a4 Nd4+ 32. Kb2 b4 33. Na2
Rxc2+ 34. Kb1 b3 35. Nb4 Re2 36. Rf1+ Ke6 37. Nxa6 Kd5 38. Rc1 Rc2 39. Nb4+ Kc4
40. Nxc2 bxc2+ 41. Rxc2+ Nxc2 42. Kxc2 e4 43. Kd2 Kb4 44. Ke3 Kxa4 45. Kxe4 1-0

[Event "1er Open d'Espalion"]
[Site "Espalion (12)"]
[Date "2016.07.12"]
[Round "5.18"]
[White "Marie, Olivier"]
[Black "Brochet, Thierry"]
[Result "0-1"]
[WhiteElo "1560"]
[BlackElo "1582"]
[PlyCount "106"]
[EventDate "2016.??.??"]

1. e4 c5 2. c4 Nc6 3. g3 g6 4. Bg2 Bg7 5. Ne2 d6 6. Na3 Bd7 7. Nc2 e5 8. O-O
Nge7 9. Rb1 a5 10. a3 O-O 11. d3 Qc8 12. Bd2 Bh3 13. b4 Bxg2 14. Kxg2 axb4 15.
axb4 b6 16. Be3 Nd4 17. bxc5 bxc5 18. Nc3 Nxc2 19. Qxc2 Nc6 20. Nb5 Qd7 21. Qe2
f5 22. f4 Nd4 23. Bxd4 exd4 24. Rb2 fxe4 25. Qxe4 Rab8 26. Re2 d5 27. Qe6+ Qxe6
28. Rxe6 dxc4 29. dxc4 Rfe8 30. Rfe1 Rxe6 31. Rxe6 Bf8 32. Kf3 Kf7 33. Re4 Re8
34. Rxe8 Kxe8 35. Ke4 Kd7 36. h3 Ke6 37. Nc7+ Kd6 38. Nd5 Bh6 39. Nf6 g5 40.
Nxh7 gxf4 41. g4 Ke7 42. g5 Bg7 43. Kxf4 Kf7 44. Kf5 d3 45. g6+ Ke7 46. Ng5 d2
47. Ne6 Bd4 48. h4 d1=Q 49. Nf4 Qc2+ 50. Kg5 Be5 51. h5 Bxf4+ 52. Kxf4 Kf6 53.
Ke3 Qxc4 0-1

[Event "1er Open d'Espalion"]
[Site "Espalion (12)"]
[Date "2016.07.12"]
[Round "5.19"]
[White "Lemaire, Frederic"]
[Black "Flaujac, Benoit"]
[Result "0-1"]
[WhiteElo "1468"]
[BlackElo "1809"]
[PlyCount "94"]
[EventDate "2016.??.??"]

1. d4 Nf6 2. Nf3 d5 3. c4 c6 4. Nc3 Bf5 5. Bf4 e6 6. Qb3 Qb6 7. Qxb6 axb6 8.
cxd5 exd5 9. Ne5 Nbd7 10. Nxd7 Kxd7 11. f3 h6 12. g4 Bh7 13. Bh3 g5 14. Be5 Bg7
15. f4 Ne8 16. f5 f6 17. Bg3 Bf8 18. O-O Bd6 19. Bf2 Bb4 20. Bg2 Bxc3 21. bxc3
Nd6 22. Rfe1 Rhe8 23. h4 Bg8 24. e3 Ne4 25. Rec1 Ra3 26. hxg5 hxg5 27. Be1 Nd6
28. Bd2 Nc4 29. Rc2 Nxd2 30. Rxd2 Rxe3 31. Rb1 b5 32. Kf2 Rexc3 33. Rh1 Ra8 34.
Re2 Rd3 35. Rh6 Rf8 36. Rg6 Rxd4 37. Rg7+ Kd6 38. Bf3 Bf7 39. Ke3 Rf4 40. Rd2
c5 41. Rb2 d4+ 42. Kf2 Bd5 43. Rxb5 Bxf3 44. Rb6+ Bc6+ 45. Kg1 Rxg4+ 46. Kf2
Rf4+ 47. Kg1 Rh8 0-1

[Event "1er Open d'Espalion"]
[Site "Espalion (12)"]
[Date "2016.07.12"]
[Round "5.20"]
[White "Bois, Samuel"]
[Black "Ausseil-Bordignon, Aurelien"]
[Result "1-0"]
[WhiteElo "1438"]
[BlackElo "1009"]
[PlyCount "61"]
[EventDate "2016.??.??"]

1. c4 e5 2. g3 d6 3. Bg2 Bg4 4. c5 c6 5. cxd6 Bxd6 6. Nc3 Nf6 7. h3 Nbd7 8.
hxg4 Nxg4 9. Nf3 Qb6 10. e3 O-O-O 11. Ng5 Rhf8 12. Qxg4 h6 13. Nf3 f5 14. Qc4
Qc5 15. Qxc5 Nxc5 16. Ke2 g5 17. Rxh6 g4 18. Ne1 f4 19. gxf4 exf4 20. d4 f3+
21. Nxf3 gxf3+ 22. Bxf3 Rh8 23. Rxh8 Rxh8 24. dxc5 Bxc5 25. Bd2 Bb4 26. a3 Bxc3
27. Bxc3 Kd7 28. Rd1+ Kc7 29. Bxh8 a5 30. Be5+ Kb6 31. a4 1-0

[Event "1er Open d'Espalion"]
[Site "Espalion (12)"]
[Date "2016.07.12"]
[Round "5.21"]
[White "Antos, Claude"]
[Black "Ausseil, Pascal"]
[Result "0-1"]
[WhiteElo "1050"]
[BlackElo "1399"]
[PlyCount "54"]
[EventDate "2016.??.??"]

1. e4 e5 2. Bc4 Nf6 3. Nf3 Nc6 4. d3 Bb4+ 5. Bd2 d5 6. Bxd5 Nxd5 7. exd5 Qxd5
8. Ng5 Qxg2 9. Qh5 Qxh1+ 10. Ke2 Bg4+ 11. Qxg4 Nd4+ 12. Ke3 Nxc2+ 13. Ke2 Bxd2
14. Qa4+ Qc6 15. Qb3 O-O-O 16. Nxf7 Nd4+ 17. Kxd2 Nxb3+ 18. Ke3 Nxa1 19. Nd2
Nc2+ 20. Ke2 Qf6 21. Nxd8 Rxd8 22. Ne4 Nd4+ 23. Ke1 Qg6 24. h4 Qg1+ 25. Kd2 Rf8
26. Ng5 Rxf2+ 27. Ke3 Re2# 0-1

[Event "1er Open d'Espalion"]
[Site "Espalion (12)"]
[Date "2016.07.12"]
[Round "5.22"]
[White "Jonker, Jan"]
[Black "Rollot, Nathalie"]
[Result "0-1"]
[WhiteElo "1380"]
[BlackElo "1344"]
[PlyCount "96"]
[EventDate "2016.??.??"]

1. d4 d5 2. c4 e6 3. Nf3 Nf6 4. Bg5 Be7 5. Nc3 O-O 6. e3 Nc6 7. cxd5 exd5 8.
Be2 Bf5 9. O-O a6 10. a3 Qd6 11. Bf4 Qd8 12. b4 Nh5 13. Ne5 Nxf4 14. exf4 Re8
15. Rc1 Qd6 16. Bf3 Rad8 17. Nxd5 Bf8 18. g4 Be6 19. Rc5 Nxe5 20. fxe5 Qd7 21.
Rxc7 Qb5 22. Rxb7 Qc4 23. Rc7 Qa2 24. Qa1 Bxd5 25. Qxa2 Bxa2 26. Bc6 Re6 27.
Bd7 Re7 28. Ra7 Rexd7 29. Rxa6 Bc4 30. e6 fxe6 31. Rc6 Bxf1 32. Kxf1 Rxd4 33.
Rxe6 Rxg4 34. Re3 Ra8 35. h3 Rc4 36. Kg2 Rc1 37. Kf3 Ra1 38. Kg4 R1xa3 39. Re4
R3a4 40. f3 Rxb4 41. Kf5 Rxe4 42. fxe4 Be7 43. e5 Ra5 44. Ke6 Ba3 45. h4 Bb2
46. h5 Rxe5+ 47. Kd7 Rxh5 48. Ke8 g5 0-1

[Event "1er Open d'Espalion"]
[Site "Espalion (12)"]
[Date "2016.07.12"]
[Round "5.23"]
[White "Rollot, Priscillia"]
[Black "Bonot, Bernard"]
[Result "0-1"]
[WhiteElo "1210"]
[BlackElo "1374"]
[PlyCount "94"]
[EventDate "2016.??.??"]

1. e4 b6 2. Nf3 Bb7 3. Nc3 e6 4. Bc4 Bb4 5. a3 Bxc3 6. dxc3 Bxe4 7. Be2 Nf6 8.
O-O h6 9. Bf4 O-O 10. Qd4 Bxc2 11. Qc4 d5 12. Qxc7 Qxc7 13. Bxc7 Nbd7 14. Bd6
Rfd8 15. Rac1 Bg6 16. Bb5 Nc5 17. Be5 a6 18. Be2 Nfd7 19. Bf4 Bd3 20. Bxd3 Nxd3
21. Rb1 Nxf4 22. Nd4 Rac8 23. g3 Ng6 24. Nf3 Nde5 25. Nd2 Nc4 26. Rfd1 Nxd2 27.
Rxd2 Ne5 28. Re1 Nf3+ 29. Kg2 Nxe1+ 30. Kf1 Nf3 31. Rd3 Nxh2+ 32. Kg1 Ng4 33.
Rd4 Ne5 34. Rb4 b5 35. a4 Rc4 36. Rxc4 Nxc4 37. b3 Nd2 38. axb5 Nxb3 39. bxa6
Ra8 40. f4 Rxa6 41. g4 Ra2 42. f5 e5 43. Kf1 d4 44. Ke1 d3 45. Kd1 e4 46. Ke1
e3 47. Kd1 Ra1# 0-1

[Event "1er Open d'Espalion"]
[Site "Espalion (12)"]
[Date "2016.07.12"]
[Round "5.24"]
[White "Meyer, Bernard"]
[Black "Muller-Moingt, Bastien"]
[Result "1-0"]
[WhiteElo "1354"]
[BlackElo "1009"]
[PlyCount "39"]
[EventDate "2016.??.??"]

1. e4 e5 2. Nf3 Nc6 3. Bb5 Bb4 4. O-O Nf6 5. Re1 O-O 6. c3 Bc5 7. Bxc6 dxc6 8.
d4 Bd6 9. dxe5 Ng4 10. exd6 cxd6 11. Bg5 Qc7 12. Nbd2 Be6 13. h3 Nh6 14. Bxh6
gxh6 15. Nh4 d5 16. Nf5 Bxf5 17. exf5 Rae8 18. Qg4+ Kh8 19. f6 Re5 20. Qg7# 1-0

[Event "1er Open d'Espalion"]
[Site "Espalion (12)"]
[Date "2016.07.12"]
[Round "5.25"]
[White "Fabre, Jean-Michel"]
[Black "Ferraye, Elio"]
[Result "1-0"]
[WhiteElo "1328"]
[BlackElo "1250"]
[PlyCount "69"]
[EventDate "2016.??.??"]

1. d4 d5 2. c4 Nf6 3. cxd5 Qxd5 4. Nc3 Qd8 5. e4 Nc6 6. Nf3 Bg4 7. Bb5 a6 8.
Bxc6+ bxc6 9. Be3 e6 10. e5 Nd5 11. Bd2 Bb4 12. O-O O-O 13. Rb1 Rb8 14. Rc1 f6
15. exf6 Qxf6 16. Nxd5 cxd5 17. Bxb4 Rxb4 18. Rxc7 Qg6 19. Rc3 Rb7 20. Kh1 Rbf7
21. Rg1 Bxf3 22. gxf3 Qh5 23. Rg3 Rf6 24. Qe2 Rh6 25. Rg2 Rg6 26. Rg3 Rxg3 27.
fxg3 Qh3 28. Qg2 Qf5 29. Qe2 Qb1+ 30. Kg2 h6 31. Qxe6+ Kh7 32. Qe2 Rb8 33. Qc2+
Qxc2+ 34. Rxc2 Rb4 35. Rd2 1-0

[Event "1er Open d'Espalion"]
[Site "Espalion (12)"]
[Date "2016.07.12"]
[Round "5.1"]
[White "Sulava, Nenad"]
[Black "Degraeve, Jean-Marc"]
[Result "1/2-1/2"]
[WhiteElo "2418"]
[BlackElo "2579"]
[PlyCount "89"]
[EventDate "2016.??.??"]

1. d4 Nf6 2. Bg5 Ne4 3. Bf4 d5 4. e3 Bf5 5. f3 Nd6 6. Nd2 e6 7. c4 Nxc4 8. Nxc4
dxc4 9. e4 Bg6 10. Bxc4 Bb4+ 11. Kf2 Bd6 12. Ne2 O-O 13. h4 h6 14. Qd2 Nc6 15.
Rad1 Qe7 16. Bxd6 Qxd6 17. Qc3 Ne7 18. Bb3 a5 19. a3 Rfd8 20. g3 Qb6 21. Kg2
Rd6 22. Rd2 Rad8 23. Rhd1 f6 24. Bc4 Rc6 25. Qb3 Qxb3 26. Bxb3 Rcd6 27. Kf2 Bf7
28. Ke3 e5 29. Bxf7+ Kxf7 30. dxe5 Rxd2 31. Rxd2 Rxd2 32. Kxd2 fxe5 33. Kd3 Ke6
34. Kc4 Kd6 35. h5 c6 36. a4 Nc8 37. b4 axb4 38. Kxb4 b6 39. Nc3 Ke6 40. Nd1
Nd6 41. Ne3 Kf6 42. Ng4+ Ke6 43. Ne3 Kf6 44. Ng4+ Ke6 45. Ne3 1/2-1/2

[Event "1er Open d'Espalion"]
[Site "Espalion (12)"]
[Date "2016.07.13"]
[Round "6.1"]
[White "Degraeve, Jean-Marc"]
[Black "Moingt, Jean-Claude"]
[Result "1-0"]
[WhiteElo "2579"]
[BlackElo "2177"]
[PlyCount "69"]
[EventDate "2016.??.??"]

1. e4 c5 2. Nf3 Nc6 3. Bb5 g6 4. Bxc6 bxc6 5. O-O Bg7 6. Re1 Nh6 7. c3 O-O 8.
d4 cxd4 9. cxd4 f6 10. Qc2 Nf7 11. b3 Qb6 12. Bb2 d6 13. Nbd2 Rb8 14. Rac1 Bd7
15. e5 fxe5 16. dxe5 Nxe5 17. Bxe5 dxe5 18. Nc4 Qa6 19. Ncxe5 Be8 20. Nd3 Qa3
21. Nc5 Rf5 22. Rxe7 Bb2 23. Qc4+ Kf8 24. Rxh7 Bxc1 25. Rh8+ Kg7 26. Qg8+ Kf6
27. Qf8+ Bf7 28. Ne4+ Ke6 29. Qxb8 Bb2 30. Nfg5+ Rxg5 31. Nxg5+ Kf5 32. Nxf7
Bxh8 33. g4+ Kxg4 34. Qxh8 Qxa2 35. Qd4+ 1-0

[Event "1er Open d'Espalion"]
[Site "Espalion (12)"]
[Date "2016.07.13"]
[Round "6.2"]
[White "Moingt, Anne"]
[Black "Sulava, Nenad"]
[Result "0-1"]
[WhiteElo "2073"]
[BlackElo "2418"]
[PlyCount "74"]
[EventDate "2016.??.??"]

1. e4 c5 2. Nf3 e6 3. d4 cxd4 4. Nxd4 a6 5. Bd3 Bc5 6. Nb3 Be7 7. Nc3 d6 8. O-O
Nd7 9. a4 b6 10. f4 Ngf6 11. Qe2 Qc7 12. Bd2 Bb7 13. Rae1 e5 14. Kh1 O-O 15.
fxe5 dxe5 16. Bg5 Bb4 17. Nd2 Bxc3 18. bxc3 Rac8 19. Bxa6 Bxa6 20. Qxa6 Qxc3
21. Nf3 Ra8 22. Qb5 Rfc8 23. Bxf6 Nxf6 24. Qxb6 Rxa4 25. Rd1 Raa8 26. Qd6 Nxe4
27. Qxe5 Qxe5 28. Nxe5 Rxc2 29. Kg1 Nc3 30. Ra1 Re8 31. Rf2 Rxf2 32. Kxf2 g5
33. Nd3 Re2+ 34. Kf3 h5 35. h3 Re6 36. Ra5 f6 37. Ra7 Nd1 0-1

[Event "1er Open d'Espalion"]
[Site "Espalion (12)"]
[Date "2016.07.13"]
[Round "6.3"]
[White "Saucey, Michel"]
[Black "Jarreton, Herve"]
[Result "1-0"]
[WhiteElo "2268"]
[BlackElo "2010"]
[PlyCount "81"]
[EventDate "2016.??.??"]

1. d4 Nf6 2. c4 d5 3. cxd5 e6 4. dxe6 Bxe6 5. Nf3 c5 6. Nc3 Nc6 7. e3 cxd4 8.
Nxd4 Bb4 9. Nxe6 Qxd1+ 10. Kxd1 fxe6 11. f3 Ke7 12. Bd2 Rhd8 13. Be2 Rac8 14.
Rc1 Bc5 15. Ke1 Nb4 16. a3 Nbd5 17. Nd1 e5 18. b4 Bb6 19. Rxc8 Rxc8 20. Bd3 Ke6
21. Ke2 h6 22. g4 Rc7 23. h4 h5 24. g5 Ng8 25. Bg6 Nge7 26. Bxh5 Rc2 27. Bg4+
Kf7 28. h5 a5 29. h6 Kg8 30. Be6+ Kh8 31. Kd3 Ra2 32. Bc1 axb4 33. Ke4 Rc2 34.
Bb2 Nc3+ 35. Kd3 Rg2 36. axb4 Nxd1 37. hxg7+ Kxg7 38. Bxe5+ Kg6 39. Rxd1 (39.
Rh6+ Kxg5 40. Bf4#) 39... Rxg5 40. f4 Rg4 41. f5+ 1-0

[Event "1er Open d'Espalion"]
[Site "Espalion (12)"]
[Date "2016.07.13"]
[Round "6.4"]
[White "Marazanof, Jean-Francois"]
[Black "Tagnon, Nicole"]
[Result "1-0"]
[WhiteElo "1910"]
[BlackElo "1935"]
[PlyCount "55"]
[EventDate "2016.??.??"]

1. e4 c5 2. Nc3 Nc6 3. Bb5 Nd4 4. Nf3 e6 5. O-O a6 6. Bd3 d6 7. Nxd4 cxd4 8.
Ne2 Qb6 9. c3 dxc3 10. dxc3 Nf6 11. Qc2 g6 12. Be3 Qc7 13. h3 Bg7 14. f4 O-O
15. Rad1 Bd7 16. Ng3 Bc6 17. f5 d5 18. e5 Nd7 19. f6 Bxf6 20. exf6 Qxg3 21. Qd2
Rfe8 22. Bf4 Qh4 23. Bg5 Qg3 24. Bh6 Qd6 25. Bg7 e5 26. Qh6 e4 27. Rf4 exd3 28.
Qxh7+ 1-0

[Event "1er Open d'Espalion"]
[Site "Espalion (12)"]
[Date "2016.07.13"]
[Round "6.5"]
[White "Haverlan, Jules"]
[Black "Degraeve, Remy"]
[Result "1/2-1/2"]
[WhiteElo "1457"]
[BlackElo "2015"]
[PlyCount "58"]
[EventDate "2016.??.??"]

1. e4 e5 2. Nf3 Nc6 3. d4 exd4 4. Nxd4 Bb4+ 5. c3 Bc5 6. Be3 Bb6 7. Bc4 Nf6 8.
Nd2 d6 9. Nxc6 bxc6 10. Qe2 O-O 11. O-O Re8 12. Bxb6 axb6 13. Qf3 d5 14. exd5
cxd5 15. Bb3 Bg4 16. Qg3 Re2 17. Qd3 Qe7 18. Bd1 Re6 19. Bxg4 Nxg4 20. Nf3 Ne5
21. Qxd5 Rd8 22. Qb7 Nd3 23. Nd4 Rg6 24. Nc6 Rxg2+ 25. Kxg2 Qe4+ 26. Kg1 Qg4+
27. Kh1 Qf3+ 28. Kg1 Qg4+ 29. Kh1 Qf3+ 1/2-1/2

[Event "1er Open d'Espalion"]
[Site "Espalion (12)"]
[Date "2016.07.13"]
[Round "6.6"]
[White "Mourgues, Joelle"]
[Black "Lagunes, Jean-Renaud"]
[Result "0-1"]
[WhiteElo "1717"]
[BlackElo "2009"]
[PlyCount "102"]
[EventDate "2016.??.??"]

1. Nf3 Nf6 2. d3 g6 3. g3 Bg7 4. Bg2 c6 5. O-O d6 6. c3 Qa5 7. Nbd2 Qh5 8. e4
Bh3 9. Nh4 Qxd1 10. Rxd1 Bxg2 11. Kxg2 Nbd7 12. f4 a5 13. Nc4 b5 14. Ne3 a4 15.
Nc2 O-O 16. Nb4 Rfc8 17. Re1 c5 18. Nd5 Nxd5 19. exd5 Kf8 20. a3 Nb6 21. f5
Nxd5 22. fxg6 hxg6 23. c4 bxc4 24. dxc4 Nc7 25. Re2 Ne8 26. Rb1 Rcb8 27. Rf2
Nf6 28. Bg5 Rb3 29. Re2 Rab8 30. Kh3 R8b7 31. Ng2 Nh7 32. Bc1 Rxa3 33. bxa3
Rxb1 34. Rc2 Rb3 35. Ne1 Bf6 36. Kg2 Ng5 37. h4 Ne4 38. Nf3 e6 39. g4 d5 40. g5
Bg7 41. cxd5 exd5 42. Re2 Bc3 43. Ne1 Rb1 44. Nd3 c4 45. Nf4 Rxc1 46. Nxd5 Nc5
47. Nc7 Re1 48. Rc2 Ne4 49. Nd5 Be5 50. Rxc4 Re2+ 51. Kf3 Nd2+ 0-1

[Event "1er Open d'Espalion"]
[Site "Espalion (12)"]
[Date "2016.07.13"]
[Round "6.7"]
[White "Lagunes, Robin"]
[Black "Rollot, Jean-Louis"]
[Result "1-0"]
[WhiteElo "1814"]
[BlackElo "1914"]
[PlyCount "99"]
[EventDate "2016.??.??"]

1. c4 Nf6 2. Nc3 c5 3. g3 g6 4. Bg2 Bg7 5. e3 O-O 6. Nge2 Nc6 7. O-O Rb8 8. f4
d6 9. d4 cxd4 10. exd4 Bf5 11. h3 Qc8 12. g4 Bd7 13. Be3 b6 14. b3 a6 15. Rc1
Qd8 16. d5 Na5 17. Nd4 b5 18. cxb5 axb5 19. Nc6 Nxc6 20. dxc6 Bc8 21. a4 bxa4
22. bxa4 Rb2 23. Rf2 Rxf2 24. Bxf2 Qa5 25. Nb5 d5 26. Bd4 Ba6 27. c7 e6 28. Nd6
Bc8 29. Nb5 Ba6 30. Rc5 Qb4 31. Rc6 Bb7 32. Bc5 Qxf4 33. Bxf8 Bxf8 34. c8=Q
Bxc8 35. Rxc8 Ne4 36. Bxe4 dxe4 37. Qd6 Qe3+ 38. Kf1 Qxh3+ 39. Ke1 Qe3+ 40. Kd1
Qg1+ 41. Kc2 Qf2+ 42. Kb3 Qe3+ 43. Nc3 Qh6 44. a5 Qg7 45. Qxf8+ Qxf8 46. Rxf8+
Kxf8 47. a6 f5 48. a7 e3 49. a8=Q+ Kg7 50. Qf3 1-0

[Event "1er Open d'Espalion"]
[Site "Espalion (12)"]
[Date "2016.07.13"]
[Round "6.8"]
[White "Criticos, Kris"]
[Black "Mestrallet, Ivan"]
[Result "1/2-1/2"]
[WhiteElo "1641"]
[BlackElo "1910"]
[PlyCount "111"]
[EventDate "2016.??.??"]

1. f4 d5 2. Nf3 Nc6 3. e3 Nf6 4. b3 a6 5. Bb2 e6 6. Be2 Bd6 7. O-O Qe7 8. Ne5
Bd7 9. a3 h6 10. c4 Bxe5 11. fxe5 Ne4 12. d3 Ng5 13. Nd2 O-O 14. Qc2 Rad8 15.
b4 Nb8 16. c5 b6 17. cxb6 cxb6 18. Bd4 Rc8 19. Qb2 Qd8 20. Rac1 Nc6 21. Nb3 Qc7
22. h4 Nh7 23. Bf3 f6 24. exf6 Nxf6 25. Bxf6 Rxf6 26. Nd4 Qe5 27. Rfe1 Rff8 28.
Qa1 Qg3 29. Nxc6 Bxc6 30. Rf1 Qxh4 31. Qe5 Qe7 32. Rf2 Bb7 33. Rcf1 Qf6 34. Qd6
Rc6 35. Qg3 Qg5 36. Qxg5 hxg5 37. e4 dxe4 38. Bxe4 Rxf2 39. Rxf2 Rc1+ 40. Rf1
Rxf1+ 41. Kxf1 Bxe4 42. dxe4 Kf7 43. Ke2 Kf6 44. Ke3 e5 45. g4 Ke6 46. Kd3 Kd6
47. Kc4 Kc6 48. a4 a5 49. Kb3 Kb7 50. Kc4 axb4 51. Kxb4 Kc6 52. Kc4 Kd6 53. Kb5
Kc7 54. Kc4 Kc6 55. Kb4 Kb7 56. Kc4 1/2-1/2

[Event "1er Open d'Espalion"]
[Site "Espalion (12)"]
[Date "2016.07.13"]
[Round "6.9"]
[White "Degraeve, Thomas"]
[Black "Griggio, Jean-Paul"]
[Result "1-0"]
[WhiteElo "1905"]
[BlackElo "1736"]
[PlyCount "63"]
[EventDate "2016.??.??"]

1. d4 d5 2. c4 c6 3. cxd5 cxd5 4. Nc3 Nf6 5. Bf4 a6 6. e3 g6 7. Bd3 Nbd7 8. h3
Bg7 9. Nf3 b5 10. O-O Bb7 11. b4 Rc8 12. Qb3 O-O 13. a4 bxa4 14. Nxa4 Ne4 15.
Nc5 Ndxc5 16. bxc5 Qd7 17. Bxa6 Bxa6 18. Rxa6 g5 19. Nxg5 e5 20. Nxe4 dxe4 21.
dxe5 Rxc5 22. e6 fxe6 23. Qxe6+ Qxe6 24. Rxe6 Rc4 25. Rd1 Ra8 26. g4 Kf7 27.
Red6 Ra1 28. Rd7+ Kf8 29. Rxa1 Bxa1 30. Rxh7 Bg7 31. Bh6 Bxh6 32. Rxh6 1-0

[Event "1er Open d'Espalion"]
[Site "Espalion (12)"]
[Date "2016.07.13"]
[Round "6.10"]
[White "Brison, Lucas"]
[Black "Verat-Fayolle, Celian"]
[Result "1-0"]
[WhiteElo "1856"]
[BlackElo "1680"]
[PlyCount "45"]
[EventDate "2016.??.??"]

1. c4 e5 2. g3 Nf6 3. Bg2 Nc6 4. Nc3 Bc5 5. e3 O-O 6. Nge2 Re8 7. O-O e4 8. d3
exd3 9. Qxd3 Ne5 10. Qc2 d6 11. b3 c6 12. Nd4 Bg4 13. f4 Bxd4 14. exd4 Ng6 15.
f5 Ne7 16. Bg5 Qd7 17. Bxf6 Bxf5 18. Be4 Bh3 19. Bxh7+ Kh8 20. Rf4 gxf6 21. Ne4
Bf5 22. Bxf5 Nxf5 23. Nxf6 1-0

[Event "1er Open d'Espalion"]
[Site "Espalion (12)"]
[Date "2016.07.13"]
[Round "6.11"]
[White "Moulie, Patrick"]
[Black "Rollot, Florence"]
[Result "0-1"]
[WhiteElo "1611"]
[BlackElo "1845"]
[PlyCount "62"]
[EventDate "2016.??.??"]

1. e4 d5 2. exd5 Qxd5 3. Nf3 Bg4 4. Be2 Nf6 5. Nc3 Qa5 6. O-O Nc6 7. d4 O-O-O
8. Be3 e5 9. Bd2 exd4 10. Ne4 Qd5 11. Nxf6 gxf6 12. h3 Bf5 13. Nh2 Rg8 14. Bf3
Qe6 15. g4 h5 16. Kh1 hxg4 17. hxg4 Bg6 18. Bf4 Bd6 19. Bg3 Rh8 20. Kg2 Ne5 21.
Qxd4 Nxf3 22. Nxf3 Bxg3 23. Qxa7 Bd6 24. Qa8+ Kd7 25. Qa4+ c6 26. Rfe1 Qd5 27.
Rad1 Rh2+ 28. Kg1 Qxf3 29. Rxd6+ Kxd6 30. Qd4+ Kc7 31. Re7+ Kc8 0-1

[Event "1er Open d'Espalion"]
[Site "Espalion (12)"]
[Date "2016.07.13"]
[Round "6.12"]
[White "Alnakshbandi, Raed"]
[Black "Caudrelier, Pierre"]
[Result "0-1"]
[WhiteElo "1824"]
[BlackElo "1618"]
[PlyCount "136"]
[EventDate "2016.??.??"]

1. c3 e5 2. c4 Nf6 3. g3 Nc6 4. Bg2 Bc5 5. e3 d6 6. a3 O-O 7. b4 Bb6 8. d3 a6
9. Ne2 Re8 10. O-O Rb8 11. Nbc3 Be6 12. Nd5 Ba7 13. Nec3 Bd7 14. Nxf6+ Qxf6 15.
Nd5 Qd8 16. Bb2 Ne7 17. Nxe7+ Qxe7 18. d4 exd4 19. exd4 Qg5 20. Bc1 Qg4 21. Be3
Qxd1 22. Rfxd1 Be6 23. Rac1 c6 24. Bf4 Rbd8 25. d5 cxd5 26. cxd5 Bc8 27. Re1
Bb8 28. h4 (28. Be3 Kf8 29. Bb6 Rxe1+ 30. Rxe1 Re8 31. Rc1) 28... Kf8 29. Be3
Rd7 30. Bb6 (30. Bh3 Rc7 (30... Rdd8 31. Bb6 Rxe1+ 32. Rxe1 Re8)) 30... Rde7
31. Rxe7 Kxe7 32. Kh2 f5 33. Re1+ Kd7 34. Rxe8 Kxe8 35. f4 Bd7 36. Bf3 Ba4 37.
Kg2 Bc2 38. Kf2 Kd7 39. Ke3 Bc7 40. Bd4 g6 41. h5 Bb3 42. h6 Bd8 43. Kd3 b5 44.
g4 fxg4 45. Bxg4+ Ke7 46. Be6 Ke8 47. Ke4 (47. Bg8 $16) 47... Bc2+ 48. Kf3 Bf5
49. Bg8 g5 50. Be6 Bxe6 51. dxe6 gxf4 52. Kxf4 Be7 53. Ke4 Bg5 54. Kd5 Bxh6 55.
Kxd6 Bc1 56. Bc3 h5 57. Kc6 h4 58. Bf6 h3 59. Be5 Ke7 60. Kb6 Kxe6 61. Bh2 Bxa3
62. Kxa6 Bxb4 63. Kxb5 Bd6 64. Bg1 Kf5 65. Kc6 Bg3 66. Kd5 Kf4 67. Kd4 Kf3 68.
Kd3 Kg2 0-1

[Event "1er Open d'Espalion"]
[Site "Espalion (12)"]
[Date "2016.07.13"]
[Round "6.13"]
[White "Brochet, Thierry"]
[Black "Flaujac, Benoit"]
[Result "0-1"]
[WhiteElo "1582"]
[BlackElo "1809"]
[PlyCount "62"]
[EventDate "2016.??.??"]

1. e4 e5 2. Nf3 Nc6 3. Bc4 Bc5 4. c3 Nf6 5. d3 h6 6. O-O d6 7. h3 O-O 8. Re1
Re8 9. Be3 Bb6 10. Nbd2 Be6 11. Bb3 Bxe3 12. Rxe3 d5 13. Qc2 d4 14. cxd4 Nxd4
15. Nxd4 exd4 16. Rf3 Rc8 17. Nc4 b5 18. Na5 c5 19. Bxe6 Rxe6 20. Nb3 c4 21.
Rc1 Re8 22. dxc4 bxc4 23. Nd2 d3 24. Qc3 Nxe4 25. Nxe4 Rxe4 26. Rxd3 Re1+ 27.
Qxe1 cxd3 28. Rd1 Rc2 29. Rd2 Qd4 30. Qd1 Qc4 31. b3 Rxd2 0-1

[Event "1er Open d'Espalion"]
[Site "Espalion (12)"]
[Date "2016.07.13"]
[Round "6.14"]
[White "Carno, Matthias"]
[Black "Kedinger, Christian"]
[Result "1-0"]
[WhiteElo "1792"]
[BlackElo "1820"]
[PlyCount "69"]
[EventDate "2016.??.??"]

1. e4 g6 2. d4 Bg7 3. c4 d6 4. Nc3 e5 5. Be3 exd4 6. Bxd4 Nf6 7. e5 dxe5 8.
Bxe5 Qe7 9. Qe2 c6 10. Bd4 Be6 11. Nf3 h6 12. Ne4 O-O 13. Bc5 Qc7 14. Bxf8 Kxf8
15. O-O-O Qf4+ 16. Nfd2 Nxe4 17. Qxe4 Qxf2 18. Qf3 Qd4 19. Qa3+ c5 20. Nf3 Qf4+
21. Kb1 Nc6 22. Qxc5+ Kg8 23. Bd3 Qf6 24. Qa3 Na5 25. Nd2 b5 26. cxb5 Rd8 27.
Ne4 Qe5 28. Qc3 Rd4 29. Rhe1 Qd5 30. Qxa5 Rxd3 31. Rxd3 Qxd3+ 32. Ka1 Bf5 33.
Nc3 Qd2 34. Rd1 Bxc3 35. Qd8+ 1-0